000 00586nam a2200193 a 4500
001 000007998
005 20200929154403.0
008 090914s1992 dr a 001 0 spa d
040 _aDO-SdBNP
082 _axxx
_bS 161c
100 1 _aSalcé, Leonel
_921865
245 1 0 _aCiencia de materiales /
_cLeonel Salcé.
260 _aSantiago de los Caballeros, R. D., :
_bPontificia Universidad Católica Madre y Maestra,
_c1992.
300 _a107 p. :
_bil ;
_c20 cm.
490 1 _aTextos
504 _aIncluye referencias bibliográficas [104]
830 0 _aTextos
_914460
049 _aBNPD
999 _c7775
_d7775